| 000 | 00381nam a22001577a 4500 | ||
|---|---|---|---|
| 003 | CEME | ||
| 005 | 20210628205322.0 | ||
| 008 | 210309b xxu||||| |||| 00| 0 eng d | ||
| 040 | _c. | ||
| 082 | _a940.3 HAR'H | ||
| 100 |
_aHart, Liddell _946235 |
||
| 245 | _aA history of the world war 1914-1918 | ||
| 260 |
_aLONDOP _bFABER & FABER _c1998 |
||
| 300 | _a635P | ||
| 942 |
_cBK _2ddc |
||
| 999 |
_c580428 _d580428 |
||